Science Quiz

Random Science Quiz

How far can you really go? Quiz Stats

 Plays Quiz not verified by Sporcle

Also try: Bird by Necktie
Challenge
Share
Tweet
Embed
Score 0/20 Timer 10:00
0 Plays Today
% Correct
Atom
91.3%
Electron
87%
Proton
82.6%
Neutron
78.3%
Neutrino
65.2%
Down Quark
60.9%
Up Quark
60.9%
Top Quark
56.5%
Bottom Quark
56.5%
Strange Quark
56.5%
% Correct
Charm Quark
52.2%
Photon
47.8%
Quantum Foam
39.1%
Graviton
26.1%
Gluon
21.7%
W +, W -, and Z o, whatever these are.
21.7%
Higgs Boson
21.7%
Meson
17.4%
Preon
8.7%
Tau
8.7%

You're not logged in!

Compare scores with friends on all Sporcle quizzes.
OR
Log In

You Might Also Like...

Show Comments

Extras

Top Quizzes Today


Score Distribution

Your Account Isn't Verified!

In order to create a playlist on Sporcle, you need to verify the email address you used during registration. Go to your Sporcle Settings to finish the process.

Report this User

Report this user for behavior that violates our Community Guidelines.

Details: